[Event "DEM U16w 2024"]
[Site "Willingen GER"]
[Date "2024.05.24"]
[Round "8"]
[White "Heuberger, Sandra"]
[Black "Moldovan, Stela"]
[Result "0-1"]
[Termination "normal"]
[Board "11"]
[WhiteElo "1555"]
[BlackElo "1755"]
[WhiteClock "00:14:43"]
[BlackClock "01:02:52"]
[PlyCount "200"]
[WhiteFideId "16232151"]
[BlackFideId "16287380"]
[EventCountry "GER"]
[EventRounds "9"]
[EventType "swiss"]
[EventDate "2024.05.18"]

1. d4 {[%clk 01:30:52]} {[%emt 00:00:07]} d5 {[%clk 01:30:41]} {[%emt
00:00:19]} 2. c4 {[%clk 01:31:15]} {[%emt 00:00:08]} e6 {[%clk 01:31:03]}
{[%emt 00:00:07]} 3. Nc3 {[%clk 01:31:37]} {[%emt 00:00:09]} c6 {[%clk
01:31:20]} {[%emt 00:00:12]} 4. cxd5 {[%clk 01:30:36]} {[%emt 00:01:32]} exd5
{[%clk 01:28:26]} {[%emt 00:03:24]} 5. Nf3 {[%clk 01:30:43]} {[%emt 00:00:23]}
Nf6 {[%clk 01:27:17]} {[%emt 00:01:39]} 6. Bg5 {[%clk 01:30:29]} {[%emt
00:00:44]} Be7 {[%clk 01:27:13]} {[%emt 00:00:34]} 7. e3 {[%clk 01:30:03]}
{[%emt 00:00:56]} Bf5 {[%clk 01:27:27]} {[%emt 00:00:15]} 8. Qb3 {[%clk
01:28:38]} {[%emt 00:01:56]} Qc8 {[%clk 01:24:53]} {[%emt 00:02:53]} 9. Rc1
{[%clk 01:28:04]} {[%emt 00:01:14]} Be6 {[%clk 01:25:11]} {[%emt 00:00:12]} 10.
Nb5 {[%clk 01:19:57]} {[%emt 00:08:37]} Nbd7 {[%clk 01:23:57]} {[%emt
00:01:44]} 11. Bf4 {[%clk 01:17:29]} {[%emt 00:02:58]} O-O {[%clk 01:23:20]}
{[%emt 00:01:08]} 12. Nc7 {[%clk 01:15:39]} {[%emt 00:02:20]} Nh5 {[%clk
01:20:37]} {[%emt 00:03:12]} 13. Nxa8 {[%emt 00:01:36]} Nxf4 {[%clk 01:20:53]}
{[%emt 00:00:13]} 14. exf4 {[%clk 01:14:56]} {[%emt 00:00:09]} Qxa8 {[%clk
01:21:18]} {[%emt 00:00:05]} 15. g3 {[%clk 01:13:56]} {[%emt 00:01:29]} Bg4
{[%clk 01:20:55]} {[%emt 00:00:52]} 16. Bg2 {[%clk 01:14:06]} {[%emt 00:00:21]}
Bf6 {[%clk 01:21:12]} {[%emt 00:00:13]} 17. Ne5 {[%clk 01:12:45]} {[%emt
00:01:51]} Re8 {[%clk 01:20:39]} {[%emt 00:01:04]} 18. O-O {[%clk 01:12:33]}
{[%emt 00:00:42]} Be6 {[%clk 01:20:47]} {[%emt 00:00:21]} 19. Qd3 {[%clk
01:11:02]} {[%emt 00:02:02]} g6 {[%clk 01:20:42]} {[%emt 00:00:34]} 20. Rfe1
{[%clk 01:07:33]} {[%emt 00:04:00]} Nb6 {[%clk 01:18:48]} {[%emt 00:02:24]} 21.
b3 {[%clk 01:06:34]} {[%emt 00:01:29]} Nc8 {[%clk 01:18:00]} {[%emt 00:01:16]}
22. Ng4 {[%clk 01:02:49]} {[%emt 00:04:15]} Bg7 {[%clk 01:17:40]} {[%emt
00:00:51]} 23. h3 {[%clk 01:02:40]} {[%emt 00:00:40]} Nd6 {[%clk 01:17:40]}
{[%emt 00:00:28]} 24. a4 {[%clk 01:02:32]} {[%emt 00:00:39]} a6 {[%clk
01:17:20]} {[%emt 00:00:50]} 25. Ne5 {[%clk 00:59:39]} {[%emt 00:03:24]} Qa7
{[%clk 01:15:09]} {[%emt 00:02:36]} 26. g4 {[%clk 00:56:19]} {[%emt 00:03:55]}
Qb6 {[%clk 01:13:43]} {[%emt 00:01:55]} 27. g5 {[%clk 00:55:11]} {[%emt
00:01:39]} h5 {[%clk 01:09:04]} {[%emt 00:05:08]} 28. gxh6 {[%clk 00:44:31]}
{[%emt 00:11:10]} Bxh6 {[%clk 01:09:06]} {[%emt 00:00:28]} 29. Nxg6 {[%clk
00:39:39]} {[%emt 00:05:23]} Kg7 {[%clk 01:09:16]} {[%emt 00:00:19]} 30. Ne5
{[%clk 00:37:27]} {[%emt 00:02:42]} Bxf4 {[%clk 01:09:28]} {[%emt 00:00:18]}
31. Rcd1 {[%clk 00:37:02]} {[%emt 00:00:55]} Rg8 {[%clk 01:09:12]} {[%emt
00:00:42]} 32. Qf3 {[%clk 00:36:35]} {[%emt 00:01:00]} Bg5 {[%clk 01:08:41]}
{[%emt 00:00:56]} 33. Ng4 {[%clk 00:33:04]} {[%emt 00:04:06]} Nf5 {[%clk
01:05:03]} {[%emt 00:04:08]} 34. Qd3 {[%clk 00:28:16]} {[%emt 00:05:20]} Qb4
{[%clk 01:00:12]} {[%emt 00:05:19]} 35. Re5 {[%clk 00:25:43]} {[%emt 00:03:03]}
Kg6 {[%clk 00:56:51]} {[%emt 00:03:48]} 36. Rde1 {[%clk 00:21:48]} {[%emt
00:04:29]} Re8 {[%clk 00:56:17]} {[%emt 00:01:04]} 37. Rd1 {[%clk 00:16:00]}
{[%emt 00:06:18]} Bf4 {[%clk 00:53:52]} {[%emt 00:02:53]} 38. Ree1 {[%clk
00:15:24]} {[%emt 00:01:06]} Kg7 {[%clk 00:52:44]} {[%emt 00:01:38]} 39. Ne3
{[%clk 00:10:38]} {[%emt 00:05:17]} Nh4 {[%clk 00:48:49]} {[%emt 00:04:23]} 40.
Rf1 {[%clk 00:08:47]} {[%emt 00:02:24]} Rg8 {[%clk 00:48:09]} {[%emt 00:01:09]}
41. Qe2 {[%clk 00:06:23]} {[%emt 00:02:54]} Qxb3 {[%clk 00:42:09]} {[%emt
00:06:30]} 42. Qh5 {[%clk 00:02:53]} {[%emt 00:04:00]} Nxg2 {[%clk 00:40:25]}
{[%emt 00:02:14]} 43. Nxg2 {[%clk 00:02:40]} {[%emt 00:00:43]} Kf8 {[%clk
00:40:34]} {[%emt 00:00:21]} 44. Kh1 {[%clk 00:01:38]} {[%emt 00:01:32]} Bd6
{[%clk 00:36:47]} {[%emt 00:04:12]} 45. Qh6+ {[%clk 00:26:35]} {[%emt
00:05:39]} Ke7 {[%clk 01:06:02]} {[%emt 00:01:10]} 46. Qe3 {[%clk 00:25:43]}
{[%emt 00:01:25]} Qxe3 {[%clk 01:04:19]} {[%emt 00:02:14]} 47. fxe3 {[%clk
00:25:47]} {[%emt 00:00:27]} Bxh3 {[%clk 01:04:33]} {[%emt 00:00:16]} 48. Rf2
{[%clk 00:25:58]} {[%emt 00:00:19]} Bxg2+ {[%clk 01:03:47]} {[%emt 00:01:16]}
49. Rxg2 {[%clk 00:26:20]} {[%emt 00:00:08]} Rxg2 {[%clk 01:04:11]} {[%emt
00:00:06]} 50. Kxg2 {[%clk 00:26:42]} {[%emt 00:00:08]} Bc7 {[%clk 01:03:05]}
{[%emt 00:01:35]} 51. Kf3 {[%clk 00:25:48]} {[%emt 00:01:24]} b5 {[%clk
01:03:18]} {[%emt 00:00:17]} 52. axb5 {[%clk 00:26:04]} {[%emt 00:00:15]} cxb5
{[%clk 01:03:41]} {[%emt 00:00:07]} 53. e4 {[%clk 00:25:43]} {[%emt 00:00:51]}
Ke6 {[%clk 01:01:21]} {[%emt 00:02:49]} 54. Rc1 {[%clk 00:24:56]} {[%emt
00:01:18]} dxe4+ {[%clk 01:01:11]} {[%emt 00:00:40]} 55. Kxe4 {[%clk 00:25:14]}
{[%emt 00:00:12]} f5+ {[%clk 01:01:15]} {[%emt 00:00:26]} 56. Kd3 {[%clk
00:25:33]} {[%emt 00:00:11]} Kd6 {[%clk 01:01:34]} {[%emt 00:00:10]} 57. Rf1
{[%clk 00:24:20]} {[%emt 00:01:40]} Ke6 {[%clk 01:00:41]} {[%emt 00:01:25]} 58.
Ra1 {[%clk 00:23:24]} {[%emt 00:01:27]} a5 {[%clk 01:00:50]} {[%emt 00:00:21]}
59. Rc1 {[%clk 00:23:25]} {[%emt 00:00:30]} Bd6 {[%clk 01:01:00]} {[%emt
00:00:19]} 60. Kc3 {[%clk 00:22:01]} {[%emt 00:01:54]} Kd5 {[%clk 00:59:19]}
{[%emt 00:02:10]} 61. Ra1 {[%clk 00:19:57]} {[%emt 00:02:35]} a4 {[%clk
00:59:20]} {[%emt 00:00:29]} 62. Kd3 {[%clk 00:16:19]} {[%emt 00:04:09]} a3
{[%clk 00:59:35]} {[%emt 00:00:15]} 63. Kc3 {[%clk 00:14:45]} {[%emt 00:02:03]}
b4+ {[%clk 00:59:51]} {[%emt 00:00:15]} 64. Kb3 {[%clk 00:13:29]} {[%emt
00:01:45]} Kxd4 {[%clk 00:59:41]} {[%emt 00:00:40]} 65. Rd1+ {[%clk 00:13:09]}
{[%emt 00:00:51]} Ke5 {[%clk 01:00:03]} {[%emt 00:00:08]} 66. Re1+ {[%clk
00:13:25]} {[%emt 00:00:14]} Kf6 {[%clk 01:00:25]} {[%emt 00:00:07]} 67. Rf1
{[%clk 00:13:27]} {[%emt 00:00:28]} f4 {[%clk 01:00:21]} {[%emt 00:00:33]} 68.
Rd1 {[%clk 00:13:01]} {[%emt 00:00:57]} Ke5 {[%clk 00:59:04]} {[%emt 00:01:46]}
69. Re1+ {[%clk 00:13:20]} {[%emt 00:00:13]} Kf5 {[%clk 00:59:17]} {[%emt
00:00:14]} 70. Rd1 {[%clk 00:13:23]} {[%emt 00:00:29]} Be5 {[%clk 00:58:43]}
{[%emt 00:01:04]} 71. Rd2 {[%clk 00:13:27]} {[%emt 00:00:27]} Bc3 {[%clk
00:59:00]} {[%emt 00:00:12]} 72. Rf2 {[%clk 00:12:14]} {[%emt 00:01:42]} Ke4
{[%clk 00:58:56]} {[%emt 00:00:35]} 73. Re2+ {[%clk 00:12:32]} {[%emt
00:00:13]} Kd3 {[%clk 00:58:59]} {[%emt 00:00:19]} 74. Re8 {[%clk 00:12:08]}
{[%emt 00:01:01]} f3 {[%clk 00:58:58]} {[%emt 00:00:31]} 75. Rf8 {[%clk
00:12:25]} {[%emt 00:00:13]} Ke2 {[%clk 00:58:46]} {[%emt 00:00:42]} 76. Re8+
{[%clk 00:11:53]} {[%emt 00:01:02]} Kf1 {[%clk 00:59:10]} {[%emt 00:00:06]} 77.
Rf8 {[%clk 00:11:14]} {[%emt 00:01:10]} f2 {[%clk 00:59:33]} {[%emt 00:00:06]}
78. Ka2 {[%clk 00:11:22]} {[%emt 00:00:22]} Ke1 {[%clk 00:59:13]} {[%emt
00:00:49]} 79. Re8+ {[%clk 00:11:43]} {[%emt 00:00:10]} Kd1 {[%clk 00:59:28]}
{[%emt 00:00:10]} 80. Rf8 {[%clk 00:11:59]} {[%emt 00:00:20]} Be1 {[%clk
00:59:43]} {[%emt 00:00:14]} 81. Kb3 {[%clk 00:11:42]} {[%emt 00:00:46]} Kc1
{[%clk 00:59:29]} {[%emt 00:00:45]} 82. Ka2 {[%clk 00:11:07]} {[%emt 00:01:06]}
Kc2 {[%clk 00:58:27]} {[%emt 00:01:25]} 83. Rc8 {[%clk 00:11:24]} {[%emt
00:00:19]} Bc3 {[%clk 00:58:41]} {[%emt 00:00:15]} 84. Rf8 {[%clk 00:11:39]}
{[%emt 00:00:15]} Bd4 {[%clk 00:59:01]} {[%emt 00:00:08]} 85. Rc8 {[%clk
00:11:23]} {[%emt 00:00:50]} Kd3 {[%clk 00:59:21]} {[%emt 00:00:06]} 86. Rf8
{[%clk 00:11:31]} {[%emt 00:00:25]} Bc5 {[%clk 00:59:15]} {[%emt 00:00:31]} 87.
Rf3+ {[%clk 00:10:42]} {[%emt 00:01:23]} Ke2 {[%clk 00:59:28]} {[%emt
00:00:17]} 88. Rf6 {[%clk 00:10:58]} {[%emt 00:00:13]} f1=Q {[%clk 00:59:50]}
{[%emt 00:00:10]} 89. Rxf1 {[%clk 00:10:34]} {[%emt 00:00:55]} Kxf1 {[%clk
01:00:08]} {[%emt 00:00:12]} 90. Kb3 {[%clk 00:10:57]} {[%emt 00:00:07]} Ke2
{[%clk 01:00:30]} {[%emt 00:00:07]} 91. Ka2 {[%clk 00:11:20]} {[%emt 00:00:07]}
Kd2 {[%clk 01:00:39]} {[%emt 00:00:18]} 92. Kb3 {[%clk 00:11:38]} {[%emt
00:00:15]} Kd3 {[%clk 01:01:02]} {[%emt 00:00:06]} 93. Ka2 {[%clk 00:12:00]}
{[%emt 00:00:10]} Kc2 {[%clk 01:01:11]} {[%emt 00:00:19]} 94. Ka1 {[%clk
00:12:24]} {[%emt 00:00:06]} Bd4+ {[%clk 01:01:33]} {[%emt 00:00:10]} 95. Ka2
{[%clk 00:12:49]} {[%emt 00:00:05]} b3+ {[%clk 01:01:55]} {[%emt 00:00:07]} 96.
Kxa3 {[%clk 00:13:12]} {[%emt 00:00:07]} b2 {[%clk 01:02:04]} {[%emt 00:00:21]}
97. Ka4 {[%clk 00:13:34]} {[%emt 00:00:08]} b1=Q {[%clk 01:02:16]} {[%emt
00:00:18]} 98. Ka5 {[%clk 00:13:55]} {[%emt 00:00:10]} Qb6+ {[%clk 01:02:30]}
{[%emt 00:00:15]} 99. Ka4 {[%clk 00:14:20]} {[%emt 00:00:05]} Bc3 {[%clk
01:02:27]} {[%emt 00:00:30]} 100. Ka3 {[%clk 00:14:43]} {[%emt 00:00:10]} Qb3#
{[%clk 01:02:52]} {[%emt 00:00:04]} 0-1

[Event "DEM U16w 2024"]
[Site "Willingen GER"]
[Date "2024.05.24"]
[Round "8"]
[White "Englert, Lin"]
[Black "Wartenberg, Alissa"]
[Result "0-1"]
[Termination "normal"]
[Board "12"]
[WhiteElo "1725"]
[BlackElo "1820"]
[WhiteClock "00:14:13"]
[BlackClock "00:31:28"]
[PlyCount "76"]
[WhiteFideId "16226410"]
[BlackFideId "16280741"]
[EventCountry "GER"]
[EventRounds "9"]
[EventType "swiss"]
[EventDate "2024.05.18"]

1. d4 {[%clk 01:30:57]} {[%emt 00:00:02]} c5 {[%clk 01:30:58]} {[%emt
00:00:03]} 2. Nf3 {[%clk 01:29:33]} {[%emt 00:01:54]} cxd4 {[%clk 01:31:18]}
{[%emt 00:00:10]} 3. Nxd4 {[%clk 01:29:55]} {[%emt 00:00:08]} Nf6 {[%clk
01:31:37]} {[%emt 00:00:10]} 4. Nc3 {[%clk 01:29:39]} {[%emt 00:00:46]} d5
{[%clk 01:30:15]} {[%emt 00:01:53]} 5. Bg5 {[%clk 01:25:38]} {[%emt 00:04:30]}
Nc6 {[%clk 01:29:23]} {[%emt 00:01:23]} 6. e3 {[%clk 01:24:06]} {[%emt
00:02:02]} e5 {[%clk 01:28:41]} {[%emt 00:01:11]} 7. Nxc6 {[%clk 01:18:22]}
{[%emt 00:06:13]} bxc6 {[%clk 01:24:49]} {[%emt 00:04:23]} 8. a3 {[%clk
01:15:48]} {[%emt 00:03:05]} Be7 {[%clk 01:24:03]} {[%emt 00:01:16]} 9. Bd3
{[%clk 01:12:29]} {[%emt 00:03:48]} h6 {[%clk 01:23:28]} {[%emt 00:01:06]} 10.
Bh4 {[%clk 01:11:37]} {[%emt 00:01:21]} Qb6 {[%clk 01:23:31]} {[%emt 00:00:28]}
11. Rb1 {[%clk 01:07:40]} {[%emt 00:04:27]} Bg4 {[%clk 01:23:29]} {[%emt
00:00:32]} 12. Qd2 {[%clk 01:02:46]} {[%emt 00:05:22]} Ne4 {[%clk 01:06:58]}
{[%emt 00:17:02]} 13. Bxe4 {[%clk 00:57:10]} {[%emt 00:06:06]} Bxh4 {[%clk
01:05:06]} {[%emt 00:02:22]} 14. Bf3 {[%clk 00:47:55]} {[%emt 00:09:44]} Bxf3
{[%clk 01:05:26]} {[%emt 00:00:10]} 15. gxf3 {[%clk 00:48:23]} {[%emt
00:00:02]} Rd8 {[%clk 01:02:44]} {[%emt 00:03:13]} 16. Na4 {[%clk 00:40:30]}
{[%emt 00:08:23]} Qb5 {[%clk 00:59:54]} {[%emt 00:03:20]} 17. Qb4 {[%clk
00:38:32]} {[%emt 00:02:27]} Qxb4+ {[%clk 00:58:31]} {[%emt 00:01:54]} 18. axb4
{[%clk 00:39:00]} {[%emt 00:00:02]} Be7 {[%clk 00:58:28]} {[%emt 00:00:33]} 19.
c3 {[%clk 00:38:52]} {[%emt 00:00:38]} Rb8 {[%clk 00:57:17]} {[%emt 00:01:41]}
20. Ke2 {[%clk 00:34:02]} {[%emt 00:05:20]} Rb5 {[%clk 00:53:46]} {[%emt
00:04:01]} 21. Rhd1 {[%clk 00:33:01]} {[%emt 00:01:31]} a5 {[%clk 00:53:20]}
{[%emt 00:00:57]} 22. bxa5 {[%clk 00:32:55]} {[%emt 00:00:36]} Rxa5 {[%clk
00:53:46]} {[%emt 00:00:04]} 23. b3 {[%clk 00:32:47]} {[%emt 00:00:38]} f5
{[%clk 00:51:16]} {[%emt 00:03:00]} 24. Nb2 {[%clk 00:29:48]} {[%emt 00:03:29]}
Kf7 {[%clk 00:47:01]} {[%emt 00:04:45]} 25. Nd3 {[%clk 00:29:20]} {[%emt
00:00:58]} Ke6 {[%clk 00:42:51]} {[%emt 00:04:40]} 26. Ra1 {[%clk 00:28:24]}
{[%emt 00:01:26]} Rha8 {[%clk 00:43:08]} {[%emt 00:00:13]} 27. Rxa5 {[%clk
00:26:29]} {[%emt 00:02:25]} Rxa5 {[%clk 00:43:30]} {[%emt 00:00:08]} 28. Rb1
{[%clk 00:26:07]} {[%emt 00:00:51]} Ra2+ {[%clk 00:43:37]} {[%emt 00:00:23]}
29. Ke1 {[%clk 00:25:09]} {[%emt 00:01:28]} Bh4 {[%clk 00:42:28]} {[%emt
00:01:40]} 30. Rc1 {[%clk 00:22:25]} {[%emt 00:03:13]} Kd6 {[%clk 00:35:46]}
{[%emt 00:07:13]} 31. c4 {[%clk 00:14:30]} {[%emt 00:08:25]} e4 {[%clk
00:34:19]} {[%emt 00:01:58]} 32. fxe4 {[%clk 00:14:36]} {[%emt 00:00:23]} fxe4
{[%clk 00:32:59]} {[%emt 00:01:50]} 33. c5+ {[%clk 00:13:18]} {[%emt 00:01:48]}
Kc7 {[%clk 00:31:03]} {[%emt 00:02:26]} 34. Nf4 {[%clk 00:13:07]} {[%emt
00:00:40]} Bxf2+ {[%clk 00:29:56]} {[%emt 00:01:38]} 35. Kf1 {[%clk 00:13:30]}
{[%emt 00:00:07]} Bxe3 {[%clk 00:30:19]} {[%emt 00:00:07]} 36. Ne6+ {[%clk
00:13:39]} {[%emt 00:00:21]} Kd7 {[%clk 00:30:43]} {[%emt 00:00:06]} 37. Re1
{[%clk 00:13:54]} {[%emt 00:00:14]} Rf2+ {[%clk 00:31:03]} {[%emt 00:00:11]}
38. Kg1 {[%clk 00:14:13]} {[%emt 00:00:11]} Re2+ {[%clk 00:31:28]} {[%emt
00:00:05]} 0-1

[Event "DEM U16w 2024"]
[Site "Willingen GER"]
[Date "2024.05.24"]
[Round "8"]
[White "Margaryan, Venera"]
[Black "Junge, Julia Marie"]
[Result "1-0"]
[Termination "normal"]
[Board "13"]
[WhiteElo "1774"]
[BlackElo "1659"]
[WhiteClock "00:03:24"]
[BlackClock "01:04:23"]
[PlyCount "111"]
[WhiteFideId "16266226"]
[BlackFideId "16293908"]
[EventCountry "GER"]
[EventRounds "9"]
[EventType "swiss"]
[EventDate "2024.05.18"]

1. d4 {[%clk 01:30:58]} {[%emt 00:00:02]} Nf6 {[%clk 01:30:43]} {[%emt
00:00:18]} 2. Nf3 {[%clk 01:31:23]} {[%emt 00:00:05]} e6 {[%clk 01:30:57]}
{[%emt 00:00:16]} 3. Bg5 {[%clk 01:31:47]} {[%emt 00:00:05]} d5 {[%clk
01:31:15]} {[%emt 00:00:12]} 4. c4 {[%clk 01:32:09]} {[%emt 00:00:08]} Be7
{[%clk 01:31:32]} {[%emt 00:00:13]} 5. e3 {[%clk 01:32:29]} {[%emt 00:00:10]}
O-O {[%clk 01:31:55]} {[%emt 00:00:08]} 6. Nc3 {[%clk 01:32:49]} {[%emt
00:00:09]} h6 {[%clk 01:32:12]} {[%emt 00:00:13]} 7. Bh4 {[%clk 01:33:11]}
{[%emt 00:00:08]} Ne4 {[%clk 01:32:23]} {[%emt 00:00:20]} 8. Bxe7 {[%clk
01:31:31]} {[%emt 00:02:09]} Qxe7 {[%clk 01:30:25]} {[%emt 00:02:28]} 9. Qc2
{[%clk 01:26:56]} {[%emt 00:05:05]} Nxc3 {[%clk 01:29:40]} {[%emt 00:01:15]}
10. Qxc3 {[%clk 01:27:11]} {[%emt 00:00:15]} b6 {[%clk 01:20:25]} {[%emt
00:09:45]} 11. cxd5 {[%clk 01:26:47]} {[%emt 00:00:53]} exd5 {[%clk 01:16:27]}
{[%emt 00:04:28]} 12. Rc1 {[%clk 01:25:01]} {[%emt 00:02:16]} c6 {[%clk
01:15:22]} {[%emt 00:01:35]} 13. Bd3 {[%clk 01:22:49]} {[%emt 00:02:42]} Bb7
{[%clk 01:13:25]} {[%emt 00:02:27]} 14. Ne5 {[%clk 01:20:35]} {[%emt 00:02:43]}
Rc8 {[%clk 01:10:10]} {[%emt 00:03:38]} 15. b4 {[%clk 01:12:30]} {[%emt
00:08:42]} a5 {[%clk 01:01:12]} {[%emt 00:09:29]} 16. b5 {[%clk 00:56:12]}
{[%emt 00:16:48]} c5 {[%clk 00:59:13]} {[%emt 00:02:29]} 17. a4 {[%clk
00:53:18]} {[%emt 00:03:24]} Nd7 {[%clk 00:56:55]} {[%emt 00:02:48]} 18. Nxd7
{[%clk 00:47:51]} {[%emt 00:05:57]} Qxd7 {[%clk 00:57:19]} {[%emt 00:00:07]}
19. O-O {[%clk 00:46:16]} {[%emt 00:02:03]} c4 {[%clk 00:56:04]} {[%emt
00:01:47]} 20. Be2 {[%clk 00:45:21]} {[%emt 00:01:25]} Qd6 {[%clk 00:55:03]}
{[%emt 00:01:30]} 21. Rb1 {[%clk 00:42:24]} {[%emt 00:03:28]} Re8 {[%clk
00:53:02]} {[%emt 00:02:31]} 22. Bg4 {[%clk 00:41:00]} {[%emt 00:01:53]} Bc8
{[%clk 00:53:17]} {[%emt 00:00:17]} 23. Bxc8 {[%clk 00:34:29]} {[%emt
00:07:01]} Raxc8 {[%clk 00:53:26]} {[%emt 00:00:21]} 24. f3 {[%clk 00:31:48]}
{[%emt 00:03:11]} Re6 {[%clk 00:52:35]} {[%emt 00:01:21]} 25. Rfe1 {[%clk
00:29:08]} {[%emt 00:03:09]} Rce8 {[%clk 00:52:01]} {[%emt 00:01:05]} 26. Kf2
{[%clk 00:22:59]} {[%emt 00:06:39]} Qxh2 {[%clk 00:51:40]} {[%emt 00:00:51]}
27. Rh1 {[%clk 00:22:06]} {[%emt 00:01:22]} Qd6 {[%clk 00:51:59]} {[%emt
00:00:12]} 28. Rbe1 {[%clk 00:17:40]} {[%emt 00:04:56]} Qb4 {[%clk 00:51:40]}
{[%emt 00:00:49]} 29. Qc2 {[%clk 00:15:15]} {[%emt 00:02:55]} Qa3 {[%clk
00:51:46]} {[%emt 00:00:25]} 30. e4 {[%clk 00:13:35]} {[%emt 00:02:10]} dxe4
{[%clk 00:51:10]} {[%emt 00:01:06]} 31. Rxe4 {[%clk 00:11:20]} {[%emt
00:02:45]} Rxe4 {[%clk 00:51:03]} {[%emt 00:00:37]} 32. fxe4 {[%clk 00:11:23]}
{[%emt 00:00:27]} Re6 {[%clk 00:50:17]} {[%emt 00:01:16]} 33. Rh3 {[%clk
00:07:21]} {[%emt 00:04:32]} Qa1 {[%clk 00:46:11]} {[%emt 00:04:36]} 34. d5
{[%clk 00:02:59]} {[%emt 00:04:49]} Qd4+ {[%clk 00:46:15]} {[%emt 00:00:28]}
35. Re3 {[%clk 00:02:38]} {[%emt 00:00:51]} Rf6+ {[%clk 00:46:19]} {[%emt
00:00:27]} 36. Ke2 {[%clk 00:02:02]} {[%emt 00:01:06]} Qe5 {[%clk 00:44:25]}
{[%emt 00:02:23]} 37. Qxc4 {[%clk 00:01:11]} {[%emt 00:01:22]} Qb2+ {[%clk
00:44:42]} {[%emt 00:00:13]} 38. Kd3 {[%clk 00:00:43]} {[%emt 00:00:57]} Qxg2
{[%clk 00:44:45]} {[%emt 00:00:27]} 39. Qc8+ {[%clk 00:00:41]} {[%emt
00:00:31]} Kh7 {[%clk 00:45:09]} {[%emt 00:00:06]} 40. Qc2 {[%clk 00:00:36]}
{[%emt 00:00:36]} Rf2 {[%clk 00:44:42]} {[%emt 00:00:58]} 41. Qd1 {[%clk
00:24:52]} {[%emt 00:06:14]} Ra2 {[%clk 01:13:10]} {[%emt 00:02:01]} 42. Qb3
{[%clk 00:09:10]} {[%emt 00:16:13]} Qd2+ {[%clk 01:09:01]} {[%emt 00:04:38]}
43. Kc4 {[%clk 00:09:27]} {[%emt 00:00:14]} Rc2+ {[%clk 01:09:21]} {[%emt
00:00:10]} 44. Rc3 {[%clk 00:09:14]} {[%emt 00:00:42]} Rb2 {[%clk 01:07:53]}
{[%emt 00:01:59]} 45. Rd3 {[%clk 00:06:18]} {[%emt 00:03:26]} Qe2 {[%clk
01:07:14]} {[%emt 00:01:09]} 46. Qd1 {[%clk 00:03:55]} {[%emt 00:02:50]} Qxe4+
{[%clk 01:07:23]} {[%emt 00:00:24]} 47. Rd4 {[%clk 00:03:18]} {[%emt 00:01:06]}
Rb4+ {[%clk 01:07:39]} {[%emt 00:00:14]} 48. Kc3 {[%clk 00:03:14]} {[%emt
00:00:34]} Qe3+ {[%clk 01:07:21]} {[%emt 00:00:48]} 49. Qd3+ {[%clk 00:03:27]}
{[%emt 00:00:17]} Qxd3+ {[%clk 01:07:43]} {[%emt 00:00:39]} 50. Kxd3 {[%clk
00:04:13]} {[%emt 00:00:13]} Rxd4+ {[%clk 01:06:32]} {[%emt 00:01:41]} 51. Kxd4
{[%clk 00:04:36]} {[%emt 00:00:08]} Kg8 {[%clk 01:06:52]} {[%emt 00:00:10]} 52.
d6 {[%clk 00:03:26]} {[%emt 00:01:40]} Kf8 {[%clk 01:07:10]} {[%emt 00:00:12]}
53. Kd5 {[%clk 00:03:28]} {[%emt 00:00:28]} Ke8 {[%clk 01:07:07]} {[%emt
00:00:33]} 54. Kc6 {[%clk 00:03:49]} {[%emt 00:00:08]} Kd8 {[%clk 01:07:03]}
{[%emt 00:00:34]} 55. Kxb6 {[%clk 00:03:37]} {[%emt 00:00:42]} g5 {[%clk
01:04:23]} {[%emt 00:03:10]} 56. Ka7 {[%clk 00:03:24]} {[%emt 00:00:43]} 1-0